<?xml version="1.0" encoding="UTF-8"?>
<record
    xmlns:xsi="http://www.w3.org/2001/XMLSchema-instance"
    xsi:schemaLocation="http://www.loc.gov/MARC21/slim http://www.loc.gov/standards/marcxml/schema/MARC21slim.xsd"
    xmlns="http://www.loc.gov/MARC21/slim">

  <leader>03089cam a22004694i 4500</leader>
  <controlfield tag="003">PE-LiUPU</controlfield>
  <controlfield tag="005">20250731165442.0</controlfield>
  <controlfield tag="008">160913s2016    pe a   grm    000 0 spa d</controlfield>
  <datafield tag="035" ind1=" " ind2=" ">
    <subfield code="a">(Sirsi) a163403</subfield>
  </datafield>
  <datafield tag="040" ind1=" " ind2=" ">
    <subfield code="a">PE-LiUPU</subfield>
    <subfield code="b">spa</subfield>
    <subfield code="c">PE-LiUPU</subfield>
    <subfield code="e">rda</subfield>
  </datafield>
  <datafield tag="099" ind1=" " ind2=" ">
    <subfield code="a">TEF 2</subfield>
    <subfield code="b">B26 2016</subfield>
  </datafield>
  <datafield tag="100" ind1="1" ind2=" ">
    <subfield code="a">Bastidas Chuquillanqui, Jairo,</subfield>
    <subfield code="e">autor</subfield>
  </datafield>
  <datafield tag="245" ind1="1" ind2=" ">
    <subfield code="a">Tipos de colostom&#xED;a seg&#xFA;n su localizaci&#xF3;n y la calidad de vida en los pacientes colostomizados que asisten al consultorio externo de cirug&#xED;a general del Hospital Nacional Guillermo Almenara Irigoyen, Lima, 2015 /</subfield>
    <subfield code="c">Jairo Bastidas Chuquillanqui.</subfield>
  </datafield>
  <datafield tag="264" ind1=" " ind2="0">
    <subfield code="c">2016.</subfield>
  </datafield>
  <datafield tag="300" ind1=" " ind2=" ">
    <subfield code="a">126 hojas : </subfield>
    <subfield code="b">ilustraciones;</subfield>
    <subfield code="c">30 cm</subfield>
  </datafield>
  <datafield tag="336" ind1=" " ind2=" ">
    <subfield code="a">text</subfield>
    <subfield code="2">rdacontent</subfield>
  </datafield>
  <datafield tag="337" ind1=" " ind2=" ">
    <subfield code="a">unmediated</subfield>
    <subfield code="2">rdamedia</subfield>
  </datafield>
  <datafield tag="338" ind1=" " ind2=" ">
    <subfield code="a">volume</subfield>
    <subfield code="2">rdacarrier</subfield>
  </datafield>
  <datafield tag="502" ind1=" " ind2=" ">
    <subfield code="a">Tesis</subfield>
    <subfield code="b">(Lic.) -- </subfield>
    <subfield code="c">Universidad Peruana Uni&#xF3;n,</subfield>
    <subfield code="d">2016.</subfield>
  </datafield>
  <datafield tag="504" ind1=" " ind2=" ">
    <subfield code="a">Incluye bibliograf&#xED;a</subfield>
  </datafield>
  <datafield tag="520" ind1="3" ind2=" ">
    <subfield code="a">El objetivo: Determinar la relaci&#xF3;n entre los tipos de colostom&#xED;a seg&#xFA;n su localizaci&#xF3;n y la calidad de vida en los pacientes colostomizados. Material y m&#xE9;todos: estudio de enfoque cuantitativo, dise&#xF1;o no experimental, de tipo correlacional, transversal. El tipo de muestreo fue no probabil&#xED;stico, por conveniencia bajo criterios de inclusi&#xF3;n y exclusi&#xF3;n. La muestra estuvo constituida por 90 pacientes colostomizados. Se us&#xF3; el cuestionario SF36 para medir la calidad de vida y para el tipo de colostom&#xED;a seg&#xFA;n su localizaci&#xF3;n, se utiliz&#xF3; una gu&#xED;a de evaluaci&#xF3;n. Resultados: Se evidenci&#xF3; que existe relaci&#xF3;n entre colostom&#xED;a ascendente, transverso y calidad de vida en la dimensi&#xF3;n f&#xED;sica y mental con p=0,031 y 0,011 y p= 0,008 y 0,007, respectivamente. En cuanto a colostom&#xED;a descendente y calidad de vida en la dimensi&#xF3;n f&#xED;sica no existe relaci&#xF3;n (p= 0,286) y en la dimensi&#xF3;n mental existe relaci&#xF3;n (p=0,031), asimismo, en la colostom&#xED;a sigmoidea y calidad de vida en las dimensiones f&#xED;sica y mental no existe relaci&#xF3;n (p=0,210 y 0,340). Existe relaci&#xF3;n entre el tiempo de permanencia de la colostom&#xED;a y la calidad de vida (p=0,036). La calidad de vida global de los pacientes colostomizados es de nivel bajo 27,8%, medio 51,5% y alto 13,4%. Conclusi&#xF3;n: Los tipos de colostomizados se relacionan significativamente (pvalue=0,028), ya que estos pacientes experimentan situaciones desagradables debido a los cambios fisiol&#xF3;gicos, diet&#xE9;ticos, psicol&#xF3;gicos, est&#xE9;ticos, sociales y econ&#xF3;micos que experimentan tras la cirug&#xED;a.</subfield>
  </datafield>
  <datafield tag="526" ind1=" " ind2=" ">
    <subfield code="a">SEG44</subfield>
  </datafield>
  <datafield tag="526" ind1=" " ind2=" ">
    <subfield code="a">SEG26</subfield>
  </datafield>
  <datafield tag="526" ind1=" " ind2=" ">
    <subfield code="a">P151</subfield>
  </datafield>
  <datafield tag="526" ind1=" " ind2=" ">
    <subfield code="a">P150</subfield>
  </datafield>
  <datafield tag="526" ind1=" " ind2=" ">
    <subfield code="a">P149</subfield>
  </datafield>
  <datafield tag="526" ind1=" " ind2=" ">
    <subfield code="a">P146</subfield>
  </datafield>
  <datafield tag="526" ind1=" " ind2=" ">
    <subfield code="a">P145</subfield>
  </datafield>
  <datafield tag="526" ind1=" " ind2=" ">
    <subfield code="a">P126</subfield>
  </datafield>
  <datafield tag="526" ind1=" " ind2=" ">
    <subfield code="a">P125</subfield>
  </datafield>
  <datafield tag="526" ind1=" " ind2=" ">
    <subfield code="a">P92</subfield>
  </datafield>
  <datafield tag="526" ind1=" " ind2=" ">
    <subfield code="a">P75</subfield>
  </datafield>
  <datafield tag="526" ind1=" " ind2=" ">
    <subfield code="a">P74</subfield>
  </datafield>
  <datafield tag="526" ind1=" " ind2=" ">
    <subfield code="a">P27</subfield>
  </datafield>
  <datafield tag="526" ind1=" " ind2=" ">
    <subfield code="a">P15</subfield>
  </datafield>
  <datafield tag="650" ind1="0" ind2="4">
    <subfield code="a">Pacientes colostomizados</subfield>
    <subfield code="x">Calidad de vida</subfield>
  </datafield>
  <datafield tag="650" ind1="0" ind2="4">
    <subfield code="a">Colostom&#xED;a</subfield>
  </datafield>
  <datafield tag="700" ind1="1" ind2=" ">
    <subfield code="a">Galarza R&#xED;os, Jhoselyn,</subfield>
    <subfield code="e">autor</subfield>
  </datafield>
  <datafield tag="596" ind1=" " ind2=" ">
    <subfield code="a">1</subfield>
  </datafield>
  <datafield tag="942" ind1=" " ind2=" ">
    <subfield code="2">ddc</subfield>
    <subfield code="c">TESIS</subfield>
  </datafield>
  <datafield tag="999" ind1=" " ind2=" ">
    <subfield code="a">TEF 2 B26 2016</subfield>
    <subfield code="w">ALPHANUM</subfield>
    <subfield code="c">12283</subfield>
    <subfield code="i">T02023</subfield>
    <subfield code="l">CCODEBUL3</subfield>
    <subfield code="m">BUL</subfield>
    <subfield code="r">1</subfield>
    <subfield code="s">Y</subfield>
    <subfield code="t">TESIS</subfield>
    <subfield code="u">2016-9-13</subfield>
    <subfield code="x">SALUD</subfield>
    <subfield code="P">P22</subfield>
    <subfield code="o">.STAFF. Tesis</subfield>
    <subfield code="d">12283</subfield>
  </datafield>
  <datafield tag="980" ind1=" " ind2=" ">
    <subfield code="8">1</subfield>
    <subfield code="g">ALBERTO SANCHEZ Responsable de Automatizaci&#xF3;n</subfield>
  </datafield>
  <datafield tag="952" ind1=" " ind2=" ">
    <subfield code="r">2022-07-06 00:00:00</subfield>
    <subfield code="l">0</subfield>
    <subfield code="o">TEF 2 B26 2016</subfield>
    <subfield code="p">T02023</subfield>
    <subfield code="t">e1</subfield>
    <subfield code="w">2016-09-13</subfield>
    <subfield code="x">FCS</subfield>
    <subfield code="y">TESIS</subfield>
    <subfield code="z">Este &#xCD;tem NO se presta por ser Ejemplar #1.</subfield>
    <subfield code="1">0</subfield>
    <subfield code="2">ddc</subfield>
    <subfield code="7">1</subfield>
    <subfield code="8">TESIS</subfield>
    <subfield code="f">P22</subfield>
    <subfield code="a">BUL</subfield>
    <subfield code="b">BUL</subfield>
    <subfield code="c">TESIS</subfield>
    <subfield code="d">2016-09-13</subfield>
  </datafield>
</record>
